Pokemon that contain the letter K - Statistics

General Stats
  • This quiz has been taken 264 times
    257 since last reset
  • The average score is 108 of 148
Answer Stats
Generation Type Pokemon % Correct
I Psychic Alakazam
95%
I Psychic Kadabra
95%
I Water Kingler
95%
I Poison Arbok
94%
I Water Krabby
94%
I Bug/Poison Kakuna
92%
III Fire/Fighting Blaziken
91%
I Rock/Water Kabuto
91%
I Rock/Water Kabutops
91%
II Water/Dragon Kingdra
91%
III Fire/Fighting Combusken
89%
I Poison Ekans
89%
I Poison Koffing
88%
II Water/Psychic Slowking
88%
V Bug Karrablast
86%
V Steel Klink
86%
I Poison Muk
86%
I Normal Kangaskhan
85%
V Steel Klang
85%
V Steel Klinklang
85%
I Water Seaking
85%
II Grass Chikorita
83%
II Electric Elekid
83%
III Normal Kecleon
83%
I Electric Pikachu
83%
IV Poison/Fighting Croagunk
82%
V Electric Eelektrik
82%
I Fighting Machoke
82%
I Poison/Ground Nidoking
82%
I Water/Psychic Slowpoke
82%
V Electric Eelektross
80%
V Bug/Electric Joltik
80%
II Steel/Flying Skarmory
80%
IV Poison/Fighting Toxicroak
80%
VI Rock/Fairy Carbink
78%
VIII Flying/Steel Corviknight
78%
VIII Dragon/Ghost Drakloak
78%
VI Dark/Psychic Inkay
78%
V Water/Fighting Keldeo
78%
III Psychic/Fairy Kirlia
78%
VI Steel/Fairy Klefki
78%
V Ground/Dark Krokorok
78%
V Ground/Dark Krookodile
78%
I Water Magikarp
78%
IV Poison/Bug Skorupi
78%
III Normal Slaking
78%
III Normal Slakoth
78%
IV Ghost Dusknoir
77%
III Ghost Duskull
77%
V Ground/Ghost Golurk
77%
IV Dark/Flying Honchkrow
77%
VII Grass/Steel Kartana
77%
VII Dragon/Fighting Kommo-o
77%
IV Bug Kricketot
77%
I Fighting Mankey
77%
I Ground Marowak
77%
II Dark/Flying Murkrow
77%
VII Normal/Flying Trumbeak
77%
III Electric Electrike
75%
IV Bug Kricketune
75%
III Water Kyogre
75%
V Ghost/Fire Litwick
75%
VII Normal/Flying Pikipek
75%
III Rock/Psychic Solrock
75%
IV Poison/Dark Stunky
75%
IV Dark Darkrai
74%
IX Electric/Flying Kilowattrel
74%
III Fighting Makuhita
74%
IV Poison/Dark Skuntank
74%
V Water/Flying Ducklett
72%
VI Fire Fennekin
72%
VI Water Froakie
72%
VIII Grass Grookey
72%
VII Dragon/Fighting Hakamo-o
72%
VI Electric/Normal Heliolisk
72%
V Dragon/Ice Kyurem
72%
II Electric Raikou
72%
II Grass/Flying Skiploom
72%
III Normal Skitty
72%
VI Poison/Water Skrelp
72%
V Ground/Electric Stunfisk
72%
VII Bug/Electric Vikavolt
72%
VIII Rock/Fire Carkol
71%
V Fighting Conkeldurr
71%
IX Dark/Steel Kingambit
71%
II Normal Miltank
71%
VII Ghost/Fairy Mimikyu
71%
IV Water/Dragon Palkia
71%
VII Rock Rockruff
71%
II Bug/Poison Spinarak
71%
III Fire Torkoal
71%
III Grass Treecko
71%
VIII Fighting Kubfu
69%
III Water Mudkip
69%
V Fighting Sawk
69%
II Bug/Rock Shuckle
69%
III Psychic Spoink
69%
IX Fairy/Steel Tinkaton
69%
V Dragon/Electric Zekrom
69%
IV Normal Lickilicky
68%
I Normal Lickitung
68%
III Bug/Flying Ninjask
68%
V Normal/Grass Sawsbuck
68%
VI Grass Skiddo
68%
II Grass Sunkern
68%
IX Fairy/Steel Tinkatink
68%
V Dark Zoroark
68%
V Fire Darumaka
66%
IX Fighting/Dragon Koraidon
66%
IX Bug/Dark Lokix
66%
IV Water/Flying Mantyke
66%
I Water Psyduck
66%
VI Ghost/Grass Pumpkaboo
66%
V Rock/Fighting Terrakion
66%
I Water Golduck
65%
VIII Bug/Rock Kleavor
65%
VIII Electric/Dark Morpeko
65%
III Bug/Water Surskit
65%
VIII Grass Thwackey
65%
IV Fairy/Flying Togekiss
65%
V Ghost Yamask
65%
IX Rock Klawf
63%
VIII Flying Rookidee
63%
IX Fairy/Steel Tinkatuff
63%
VII Normal Komala
62%
III Rock Regirock
62%
VIII Water Barraskewda
60%
VIII Fire/Bug Centiskorch
60%
IX Fire/Ghost Skeledirge
60%
VII Electric/Fairy Tapu Koko
60%
V Electric Zebstrika
60%
VIII Water Arrokuda
58%
IX Ground/Fighting Great Tusk
58%
IX Normal Lechonk
58%
IX Rock Naclstack
58%
VIII Dark Nickit
58%
IX Normal Oinkologne
57%
VII Water Pyukumuku
57%
VIII Normal Skwovet
57%
IX Grass Capsakid
55%
VII Rock/Steel Stakataka
55%
VIII Electric Regieleki
54%
VIII Fighting Falinks
52%
IX Water/Dragon Walking Wake
52%
VIII Steel Perrserker
49%
IX Normal/Flying Squawkabilly
49%
VII Electric Xurkitree
49%
IX Electric/Ground Sandy Shocks
43%
No matching quizzes found
Score Distribution
Percent of People with Each Score
Percentile by Number Answered
Your Score History
You have not taken this quiz since the last reset